000 01545nam a2200349 a 4500
005 20240801135206.0
008 100511t2009||||ag a f |||| 00| 0 spa d
020 _a9789500617031
041 _aspa
092 _c616.5
_l27
_sFIT
245 _aFitzpatrick. Dermatología en Medicina General.
_bT.4 /
_cKlaus Wolff
250 _a7a ed.
_bTraducción Alvarez, J.P.; Carini, F.; Facorro, L.; Klajn, D.; Lopez, G.; Mezzano, G.; Rodriguez Chiapetta, F. y Taveira, J.
260 _aBuenos Aires:
_bEditorial Médica Panamericana;
_c2009.
300 _a2067-2402 p.
_bil.
_c28x22 cm.
500 _aWolff, K. (Dir.). et al. (2009). Fitzpatrick. Dermatología en medicina general. T.4 (7a ed.). Buenos Aires : Editorial Médica Panamericana.
590 _aDonación Alvarez, Betsabe. Abril 2019
653 _aEnfermedades cutáneas ocupaciones y enfermedades cutáneas por armas biológicas. Enfermedades cutáneas ocupacionales
653 _aLa piel en el bioterrorismo y la guerra biológica
653 _aTerapéutica. Tratamiento tópico
653 _aTratamiento sistémico
653 _aTratamientos físicos
653 _aDermatología complementaria y alternativa
653 _aCirugía en dermatología
653 _aDermatología cosmética
700 1 _aWolff, Klaus
_eDir.
_9191
700 1 _aGoldsmith, Lowell
_eDir.
_94036
700 1 _aKatz, Stephen I.
_eDir.
_9194
700 1 _aGilchrest, Barbara A.
_eDir.
_94037
700 1 _aPaller, Amy S.
_eDir.
_94038
700 1 _aLeffell, David J.
_eDir.
_94039
942 _2ddc
_cBK
999 _c2893
_d2893